Paesi che Confinano con l'India - Statistics

Statistiche generali
  • Questo quiz è stato fatto 5.066 volte
  • Il punteggio medio è 5 su 6
Statistiche sulle risposte
Lunghezza Paese % Corretto
2,912 km Pakistan
96%
3,380 km Cina
94%
1,690 km Nepal
93%
4,053 km Bangladesh
90%
605 km Bhutan
81%
1,463 km Birmania
73%
Nessun quiz corrispondente trovato
Distribuzione punteggi
Percentuale di utenti per punteggio
Percentile per numero di risposta
I tuoi punteggi nel tempo
Non hai fatto questo quiz